| 000 | 00784pam a2200241 a 4500 | ||
|---|---|---|---|
| 001 | 4277009 | ||
| 003 | NUST - PNEC | ||
| 005 | 20170116180913.0 | ||
| 008 | 850226r19861985nyua 001 0 eng | ||
| 010 | _a 85004933 | ||
| 020 | _a0023223200 | ||
| 040 | _cLIBRARY | ||
| 082 | 0 | 0 | _a620.112 CHE |
| 100 | 1 | _aCheng, Fa-Hwa. | |
| 245 | 1 | 0 |
_aApplied strength of materials / _cFa-Hwa Cheng. |
| 260 |
_aNew York : _bMacmillan Pub. Co. ; _aLondon : _bCollier Macmillan, _cc1986. |
||
| 300 |
_axiii, 430 p. : _bill. ; _c27 cm. |
||
| 500 | _a"A portion of this book is reprinted from Statics and strength of materials. c1985"--T.p. verso. | ||
| 500 | _aIncludes index. | ||
| 650 | 0 |
_aStrength of materials. _xME |
|
| 906 |
_a7 _bcbc _corignew _d1 _eocip _f19 _gy-gencatlg |
||
| 942 |
_2ddc _cBK |
||
| 999 |
_c65346 _d65346 |
||